000
00300nam a22001217a 4500
008
140219t xxu||||| |||| 00| 0 eng d
020
_a
0-07-064771-2
100
_a
William L. Jolly
_9
761
245
_a
Modern inorganic chemistry
250
_a
second edition
300
_a
xiv, 655 p.,
942
_2
ddc
_c
BK
999
_c
17018
_d
17018